| 000 | 00802nam a22002177a 4500 | ||
|---|---|---|---|
| 999 |
_c4685 _d4685 |
||
| 003 | AR-CdUCM | ||
| 008 | 190311b ||||| |||| 00| 0 spa d | ||
| 040 |
_aMUNICIPALIDAD PROVINCIAL DEL CUSCO _cBIBLIOTECA MUNICIPAL DEL CUSCO |
||
| 082 |
_a868.3 / _bZ34 |
||
| 100 |
_aZamora Vicente, Alfonso _914557 |
||
| 245 | _aQue es la novela Picaresca / | ||
| 260 |
_aBuenos Aires : _bEditorial Columba, _c1962. |
||
| 300 |
_a68 páginas ; _c20 cm. |
||
| 440 |
_aColección esquemas _n54 _914558 |
||
| 505 | _aContenido: Rasgos generales de la novela picaresca -- Una novela nueva -- Las grandes creaciones -- Otras formas de la picaresca -- Nota bibliográfica. | ||
| 650 |
_aLiteratura _983 |
||
| 650 |
_aEl diablo cojuelo _914559 |
||
| 650 |
_aNovela moderna _914560 |
||
| 942 |
_2ddc _cLIBROS |
||
| 945 | _adavv | ||